000 00608nam a2200205Ia 4500
001 8687
003 GE_BSU
008 181216s||||||||xx |||||||||||||| ||und||
040 _cGE_BSU
080 _a821.353.1-32
100 _aიოსელიანი,ოტია.
245 _aნოველები.
245 _cრედ:მ.ჯაფარიძე;მხატვ:გ.ქლიბაძე
260 _aთბილისი.
260 _bმერანი.
260 _c1974.
300 _a511გვ;1ფ.პორტრ.20სმ.
653 _aნოველები.
942 _cBK
999 _c42001
_d42001